00228pab a2200085 454500008003600000100002200036245004000058650002500098773001900123180718b xxu||||| |||| 00| 0 eng d aJha, Prem Shankar a1993: will reform run out of steam? aEconomic Development aEconomic Times